European capitals human geography - Statistiques

Statistiques générales
  • Ce quiz a été pris 32 fois
  • Le résultat moyen est 13 sur 24
Statistiques - réponses
Country Capital % Correct
Norway Oslo
86%
Sweden Stockholm
86%
Finland Helsinki
81%
Croatia Zagreb
76%
Portugal Lisbon
71%
Spain Madrid
71%
Bulgaria Sofia
71%
Hungary Budapest
67%
Italy Rome
67%
Albania Tirana
57%
Belgium Brussels
52%
Romania Bucharest
52%
Czech Republic Prague
52%
Ukraine Kyiv
48%
Poland Warsaw
48%
Greece Athens
43%
Slovakia Bratislava
43%
Belarus Minsk
43%
Latvia Riga
43%
Lithuania Vilnius
43%
Austria Vienna
38%
Denmark Copenhagen
33%
Estonia Talinn
33%
Slovenia Ljubljana
24%
Aucun quiz correspondant
Distribution des résultats
% des personnes avec chaque résultat
Percentile par nombre de réponses
Votre historique - résultats
Vous n’avez pas pris ce quiz